A TEXT BOOK OF BIOTECHNOLOGY (Record no. 8090)

MARC details
000 -LEADER
fixed length control field 00462nam a22001817a 4500
005 - DATE AND TIME OF LATEST TRANSACTION
control field 20230130152952.0
008 - FIXED-LENGTH DATA ELEMENTS--GENERAL INFORMATION
fixed length control field 221217b |||||||| |||| 00| 0 eng d
020 ## - INTERNATIONAL STANDARD BOOK NUMBER
ISBN 9789355010537
041 ## - LANGUAGE CODE
Language code of text/sound track or separate title eng
082 ## - DEWEY DECIMAL CLASSIFICATION NUMBER
Classification number 660 DUB-A
100 ## - MAIN ENTRY--AUTHOR NAME
Personal name DUBEY , Dr. R.C.
245 ## - TITLE STATEMENT
Title A TEXT BOOK OF BIOTECHNOLOGY
250 ## - EDITION STATEMENT
Edition statement 5th ed.
260 ## - PUBLICATION, DISTRIBUTION, ETC. (IMPRINT)
Place of publication NEW DELHI
Name of publisher S.CHAND PUBLISHERS
Year of publication 2021
300 ## - PHYSICAL DESCRIPTION
Number of Pages 602;P.
650 ## - SUBJECT ADDED ENTRY--TOPICAL TERM
General subdivision PHARMACY
Topical Term B.PHARMA
942 ## - ADDED ENTRY ELEMENTS (KOHA)
Koha item type Books
Holdings
Lost status Damaged status Collection code Home library Current library Shelving location Date acquired Source of acquisition Cost, normal purchase price Full call number Accession Number Koha item type
    PHARMACY JRU Library JRU Library SHELF - 17 - H 20/10/2022 LOHIA BOOK INTERNATIONAL 450.00 660-DUB-A 27020 Books
    PHARMACY JRU Library JRU Library SHELF - 17 - H 20/10/2022 LOHIA BOOK INTERNATIONAL 450.00 660-DUB-A 27021 Books
    PHARMACY JRU Library JRU Library SHELF - 17 - H 20/10/2022 LOHIA BOOK INTERNATIONAL 450.00 660-DUB-A 27022 Books
    PHARMACY JRU Library JRU Library SHELF - 17 - H 20/10/2022 LOHIA BOOK INTERNATIONAL 450.00 660-DUB-A 27023 Books
    PHARMACY JRU Library JRU Library SHELF - 17 - H 23/01/2023 LOHIA BOOK INTERNATIONAL 499.00 660 DUB-A 27467 Books
    PHARMACY JRU Library JRU Library SHELF - 17 - H 23/01/2023 LOHIA BOOK INTERNATIONAL 499.00 660 DUB-A 27468 Books
    PHARMACY JRU Library JRU Library SHELF - 17 - H 23/01/2023 LOHIA BOOK INTERNATIONAL 499.00 660 DUB-A 27469 Books
    PHARMACY JRU Library JRU Library SHELF - 17 - H 23/01/2023 LOHIA BOOK INTERNATIONAL 499.00 660 DUB-A 27470 Books
    PHARMACY JRU Library JRU Library SHELF - 17 - H 23/01/2023 LOHIA BOOK INTERNATIONAL 499.00 660 DUB-A 27471 Books
    PHARMACY JRU Library JRU Library SHELF - 17 - H 23/01/2023 LOHIA BOOK INTERNATIONAL 499.00 660 DUB-A 27472 Books